000 00387 a2200145 4500
001 164355
020 _a
040 _cMagnum
100 _aVasconcellos, Vera Maria Ramos de
240 1 0 _aPerspectiva co-construtivista na psicologia e na educacao
_lpor
245 1 0 _aPerspectiva co-construtivista na psicologia e na educacao
362 0 _a1899
697 _aPSICOLOGIA
942 _cBK
999 _c164355
_d164355